00874nam a22002297a 4500003000500000008004100005020001800046040000800064041001300072082002200085245006700107250002600174260006200200300003500262336002700297337003300324338002900357505013800386650002700524650004400551650004900595BPGM260618e1996 mx ||||g |||| 001 0 spa d a968-7727-01-2 bspa aspahspa042972.0098aP35/X56 aXI OI COLOQUIO PAMEbLOS PAMES DE SAN LUIS POTOSI Y QUERETARO  aPRIMERA EDICIONb1996 aMEXICObCENTRO DE INVESTIGACION DE SAN LUIS POTOSI c1996 a170 paginas b16 cm x 22.5 cm  2rdacontentatextobtxt 2rdamediaasin mediaciónbn 2rdacarrieravolumen bnc aes una compilación de estudios sobre la historia, cultura, lengua y situación social del pueblo pame, coordinada por Lydia Torre. 2GEOGRAFÍA E HISTORIA 2HISTORIA GENERAL DE AMÉRICA DEL NORTE 2MESOAMÉRICA (AMÉRICA MEDIA) MÉXICO